000 004490000a22001810004500
041 0 _aSPA
082 0 4 _aG 253.4 E184p
100 1 _aEcheverría Magariño, Raúl
245 1 0 _aPescadores de hombres / Raúl Echeverría Magariño
250 _a3
260 _a[S.L] : Moody
300 _a245 Pag
001 6384
942 _cBK
999 _c36656
_d36656
336 _atexto
_btxt
_2rdacontent
337 _2rdamedia
_asin mediación
_bn
338 _2rdacarrier
_avolumen
_bnc